01296nam a2200337Ia 4500001001200000003000800012006001900020007001500039008004100054010001700095020001800112020001800130020001500148040002100163035002100184050002200205100002900227245009000256250001200346260004900358300003700407533015200444630004400596650004300640650004100683650004500724655002900769710001700798856012600815999001700941ebr10560678CaPaEBRm u cr cn|||||||||120528s2012 inua s 000 0 eng d z 2012936407 z9781118333266 z9781118244791 z1118244796 aCaPaEBRcCaPaEBR a(OCoLC)79785525914aT353b.T74 2012eb1 aTremblay, Thom Ducation.10aAutodesk inventor and inventor IT essentialsh[electronic resource] /cThom Tremblay. a1st ed. aIndianapolis, IN :bWiley Pub., Inc.,c2012. axiii, 376 p. :bill. (some col.) aElectronic reproduction.bPalo Alto, Calif. :cebrary,d2011.nAvailable via World Wide Web.nAccess may be limited to ebrary affiliated libraries.00aAutodesk Inventor (Electronic resource) 0aEngineering graphicsxData processing. 0aEngineering modelsxData processing. 0aInformation technologyxData processing. 7aElectronic books.2local2 aebrary, Inc.40uhttp://site.ebrary.com/lib/rucke/Doc?id=10560678zAn electronic book accessible through the World Wide Web; click to view c96292d96292